000 00823nam a22002057a 4500
005 20240103115521.0
010 _aB-756799-800
020 _a9789392594366
_c1600.00
035 _aB-756799-800
037 _aSunnvik Books
082 _a020
245 _aPanorama of Open Access Progress, Practices and Prospects:
_cEdi. by Ashis Biswas and Mayuri Das Biswas
260 _aNew Delhi
_bEss Ess Publications
_c2022
270 _a4831/24, Ansari Road, Daryaganj
_bNew Delhi
_e110002
300 _a301p.
_c25cm(Hbk)
700 _aBiwas, Ashis
_eAuthor
_960464
700 _aBiwas, Mayuri das
_eAuthor
_960465
942 _2ddc
_cEN
_h020
_mPAN
999 _c199902
_d199902